000
00298nam a22001217a 4500
040
_a
ICT
082
_a
004 UNE
100
_4
UNESCO
245
_a
E-learning series on information and communication technalogy in education.
_b
UNESCO
260
_a
Bankok
650
_2
E-learning
942
_2
ddc
_c
BK
999
_c
488972
_d
488972